[Event "73rd RUS-ch Superfinal 2020"]
[White "Antipov,Mikhail Al."]
[Black "Karjakin,Sergey"]
[Site "Moscow"]
[Round "1.1"]
[Annotator "TA"]
[Result "0-1"]
[Date "2020.12.05"]
[WhiteElo "2611"]
[BlackElo "2752"]
[PlyCount "90"]

1. e4 {} e5 2. Nf3 Nc6 3. Bc4 Bc5 4. d3 Nf6 5. Bg5 Be7 6. Nc3 {C50: Hungarian Defence and Giuoco Pianissimo.} d6 7. a4 0-0 8. h3 {White has an edge.} Be6 9. Bxf6 Bxf6 10. Bxe6 fxe6 {[#]} 11. Ne2 $146 ({Predecessor:} 11. 0-0 d5 12. Qe2 Qd7 13. Nb1 a5 14. Nbd2 Rad8 15. Nb1 Ra8 16. Nbd2 Rad8 17. g3 {1-0 (38) Yu,Y (2738)-Vidit,S (2707) Danzhou 2019} )Qd7 12. c3 Rf7 13. h4 Raf8 14. b4 Kh8 15. Ra2 Bd8 16. Neg1 Ne7 17. Ng5 {
aiming for Qh5!} Rf6 18. Kf1 c5 19. bxc5 dxc5 20. N5f3 Nc6 21. Rd2 {} Ba5 22. Qb3 a6 23. Rd1 h6 24. h5 Kh7 25. Qc4 Qd6 26. Ne2 Rb8 27. Rb1 Bc7 28. Rh3 Na5 29. Qa2 b5 30. axb5 axb5 31. Rd1 b4 32. cxb4 cxb4 33. d4 {[#]} (33. Qa1 $17 )b3 $1 $19 {} 34. Qb1 Qb6 35. dxe5 (35. Nc1 $142 )Rf7 36. g4 b2 37. g5 {Black must now prevent g6+.
} Kh8 {Strongly threatening ...hxg5.} 38. gxh6 $2 (38. g6 Rff8 39. Ned4 )gxh6 39. Ned4 Nc6 40. Nxc6 Qxc6 41. Nh4 Qc4+ 42. Rhd3 Rb3 43. Ng6+ Kg7 {
Black mates.} 44. Kg1 Rxd3 { [#] Overworked Piece} 45. Rxd3 Qc1+ {
Weighted Error Value: White=0.55/Black=0.06} 0-1

[Event "73rd RUS-ch Superfinal 2020"]
[White "Vitiugov,Nikita"]
[Black "Artemiev,Vladislav"]
[Site "Moscow"]
[Round "1.2"]
[Annotator "TA"]
[Result "1/2-1/2"]
[Date "2020.12.05"]
[WhiteElo "2720"]
[BlackElo "2711"]
[PlyCount "42"]

1. e4 {} c5 2. Nf3 e6 3. d4 cxd4 4. Nxd4 Nf6 5. Nc3 Nc6 6. Ndb5 Bc5 7. Nd6+ {B45: Sicilian Four Knights.} Ke7 $1 8. Bf4 e5 9. Nf5+ {
White has an edge.} Kf8 10. Bg5 Bb4 11. Bc4 {aiming for 0-0.} d5 12. Bxf6 Qxf6 13. Qxd5 Bxf5 14. exf5 {[#]} g6 $5 $146 { An interesting novelty.} ({
Predecessor:} 14... Rd8 15. Qb5 Qxf5 16. 0-0 Bxc3 17. bxc3 Rd7 18. f4 Qf6 19. Rad1 Rxd1 20. Rxd1 Qe7 {1-0 (31) Osmanodja,F (2018)-Polert,A (1578) Oberhof
2010} )15. 0-0 Kg7 16. Ne4 {The position is equal.} Qxf5 {Threatens to win
with ...Rhd8.} 17. c3 Be7 18. Ng3 Qf4 19. Ne2 Qf5 20. Ng3 Qf4 21. Ne2 Qf5 {
Accuracy: White = 100%, Black = 100%.} 1/2-1/2

[Event "73rd RUS-ch Superfinal 2020"]
[White "Goganov,Aleksey"]
[Black "Svidler,Peter"]
[Site "Moscow"]
[Round "1.3"]
[Annotator "TA"]
[Result "1/2-1/2"]
[Date "2020.12.05"]
[WhiteElo "2594"]
[BlackElo "2723"]
[PlyCount "49"]

1. d4 {} Nf6 2. c4 g6 3. Nc3 d5 4. cxd5 Nxd5 5. Bd2 Nb6 6. Nf3 Bg7 {The position is equal.} 7. Bf4 {D90: Grünfeld: 4 Nf3 Bg7
sidelines.} 0-0 8. Be5 Bxe5 9. Nxe5 N8d7 {[#]} 10. Nd3 $146 ({Predecessor:} 10. Nf3 c5 11. g3 cxd4 12. Qxd4 Nf6 13. Bg2 Qxd4 14. Nxd4 Rd8 15. e3 Nc4 16. b3 {
1-0 (64) Blohberger,F (2448)-Schreiner,P (2440) Playchess.com INT 2020} )e5 11. dxe5 Qe7 12. g3 Nxe5 13. Nxe5 Qxe5 14. Bg2 c6 15. 0-0 Be6 16. Qc2 Rfd8 17. Rad1 a5 18. Rxd8+ (18. Ne4 {feels hotter.} Bd5 19. Nc5 Qe7 20. a3 h5 21. Rfe1 )Rxd8 19. Rd1 Rxd1+ 20. Qxd1 {[#] aiming for Qd8+.} Nc4 21. Qc1 Nd6 22. Qd2 Nc4 23. Qc1 Nd6 24. Qd2 Nc4 25. Qc1 {A rather calm draw.  Weighted
Error Value: White=0.04/Black=0.02} 1/2-1/2

[Event "73rd RUS-ch Superfinal 2020"]
[White "Nepomniachtchi,Ian"]
[Black "Matlakov,Maxim"]
[Site "Moscow"]
[Round "1.4"]
[Annotator "TA"]
[Result "1-0"]
[Date "2020.12.05"]
[WhiteElo "2784"]
[BlackElo "2698"]
[PlyCount "77"]

1. d4 {} Nf6 2. c4 e6 3. Nc3 d5 4. cxd5 exd5 5. Bg5 Bb4 6. e3 h6 7. Bh4 g5 {D35: Queen's Gambit
Declined: Exchange Variation.} 8. Bg3 Ne4 9. Nge2 {9.Rc1 injects fresh life
into this line.} h5 {The position is equal.} 10. h4 Nxg3 (10... Bg4 $5 {
} 11. f3 Nxg3 12. Nxg3 Be6 $11 )11. Nxg3 gxh4 12. Nxh5 Qg5 13. Qa4+ $1 Nc6 14. Nf4 Rh6 15. Qb5 {[#]} Bf5 $146 ({Predecessor:} 15... Rd6 16. g3 a6 17. Qe2 hxg3 18. Qh5 Qxh5 19. Rxh5 Ne7 20. Rh8+ Kd7 21. fxg3 c6 {1-0 (43)
Amico,R (2348)-Esposito,L (1541) ICCF email 2018} )16. Nfxd5 { Double
Attack} a6 $1 17. Qa4 $1 Bd6 18. 0-0-0 Kf8 19. f4 Qg6 $1 20. Be2 Re8 21. Bf3 $132 { White is not holding back} b5 (21... h3 $11 )22. Qxa6 $14 Nb8 23. Qb7 {Strongly threatening e4.} ({Weaker is} 23. Qxb5 c6 $17 )c6 24. Nc7 Rc8 {[#]} 25. e4 $1 {aiming for Kb1.} Bxc7 26. exf5 Qxf5 {[#]} 27. Be4 $1 {
} Qd7 28. Kb1 Bxf4 29. Qb6 Qd6 (29... Re8 $142 )30. Rhf1 (30. d5 $142 {Black must now prevent dxc6.} cxd5 31. Qf2 (31. Qxb5 Rc5 $16 ))Nd7 $16 31. Qa6 (31. Qa5 $142 )Re8 32. Bc2 {Hoping for Ne4.} Nf6 33. a3 (33. d5 $14 cxd5 34. Qxb5 )Qc7 (33... Ng4 $1 $11 )34. d5 (34. Rf3 $16 )Nxd5 35. Nxd5 cxd5 36. Qxb5 Rb6 37. Qxd5 {Rxf4! is the strong threat.} Qc3 {
} ({Avoid the trap} 37... Rc8 $2 38. Bb3 $18 )38. b4 Rf6 $2 { [#]} (38... Rd6 $14 39. Qc5 Qxc5 40. bxc5 Rxd1+ 41. Bxd1 Bg3 )39. Rxf4 $1 { Weighted Error Value: White=0.14/Black=0.13} 1-0

[Event "73rd RUS-ch Superfinal 2020"]
[White "Fedoseev,Vladimir"]
[Black "Chigaev,Maksim"]
[Site "Moscow"]
[Round "1.5"]
[Annotator "TA"]
[Result "1/2-1/2"]
[Date "2020.12.05"]
[WhiteElo "2674"]
[BlackElo "2619"]
[PlyCount "68"]

1. d4 {Krasenkow,M} Nf6 2. c4 g6 3. Nc3 d5 4. Nf3 Bg7 5. h4 dxc4 6. e4 {
D90: Grünfeld: 4 Nf3 Bg7 sidelines.} c5 7. d5 0-0 (7... b5 $5 )8. Bxc4 b5 9. Bxb5 Nxe4 $1 10. Nxe4 Qa5+ { [#] Double Attack} 11. Nc3 Bxc3+ 12. bxc3 {Qb3 is the strong threat.} Qxb5 13. h5 Qc4 14. hxg6 fxg6 15. Rh4 Qxc3+ 16. Bd2 Qd3 17. Bh6 Qxd1+ 18. Rxd1 {[#]} Rf5 $146 ({Predecessor:} 18... Re8 19. Ng5 Nd7 20. Ne6 Rb8 21. Nc7 Rd8 22. Ne6 Re8 23. Nc7 Rd8 24. Re4 Rb7 {1-0 (36)
Riazantsev,A (2651)-Kokarev,D (2636) Novosibirsk 2016 CBM 175 [Krasenkow,M]} )19. Re4 {And now Ng5 would win.} Nd7 {The position is equal.} 20. Rxe7 Rh5 $1 $132 { Black is not holding back} 21. Be3 Nf6 22. d6 {
Black must now prevent Bg5.} Bg4 23. Rd3 Nd5 24. Re5 Nb4 25. Rd2 $1 {aiming
for d7.} Bxf3 {} 26. Rxh5 Bxh5 27. d7 Nc6 {Strongly threatening ...
Bg4.} 28. f3 {[#]} g5 $1 29. Bxg5 Bf7 30. a3 Nd8 31. Re2 {Hoping for Re8+.} Nc6 32. Rd2 Nd8 33. Re2 {Threatens to win with Re8+.} Nc6 34. Rd2 Nd8 {An
uneventful encounter.  Weighted Error Value: White=0.02/Black=0.02} 1/2-1/2

[Event "73rd RUS-ch Superfinal 2020"]
[White "Dubov,Daniil"]
[Black "Esipenko,Andrey"]
[Site "Moscow"]
[Round "1.6"]
[Annotator "TA"]
[Result "1-0"]
[Date "2020.12.05"]
[WhiteElo "2702"]
[BlackElo "2686"]
[PlyCount "71"]

1. d4 {} Nf6 2. c4 e6 3. Nf3 d5 4. g3 Be7 5. Bg2 0-0 6. Qc2 c5 {6...c5 is better
than 6...c6.} 7. dxc5 d4 {E06: Closed Catalan: Early deviations.} 8. b4 a5 $1 9. b5 Bxc5 {The position is equal.} 10. Nbd2 {
[#]} Nbd7 $146 ({Predecessor:} 10... Re8 11. Nb3 Bb4+ 12. Bd2 Bxd2+ 13. Nfxd2 e5 14. 0-0 Qc7 15. a4 Be6 16. c5 Nbd7 {1/2-1/2 (31) Horvath,C (2497)-Godart,F 
(2376) Belgium 2017} )11. Nb3 Bb4+ 12. Bd2 Bxd2+ 13. Nfxd2 (13. Kxd2 a4 $17 )a4 14. Nxd4 e5 15. Nf5 $1 Nc5 16. Ne3 e4 17. 0-0 (17. Nxe4 Ncxe4 18. Bxe4 Qd4 $17 )(17. Bxe4 Qd4 $17 )Qd4 18. Nd5 Nxd5 19. cxd5 {And now Rfd1
would win.} e3 20. Nc4 exf2+ 21. Kh1 Bd7 (21... Nd7 $142 )22. Rad1 $36 {
 White is on the roll.} Qf6 23. d6 {Strongly threatening Nb6.} Rae8 $2 {A mistake that costs the game.} ({Wrong is} 23... Bxb5 $2 24. Na3 $18 )(23... Bf5 $16 24. e4 Bg6 )24. Nb6 $18 Re5 {[#]} 25. Qxc5 $1 { Remove
Defender} (25. Bd5 Bf5 $14 )Rxc5 26. Nxd7 Qg5 27. Nxf8 Kxf8 {[#]} 28. d7 $1 {} Qd8 29. Rxf2 Rc7 (29... g5 $142 30. Rf3 (30. Bxb7 Rxb5 31. Bc6 Re5 $18 )h6 )30. Bh3 g6 {intending ...f5.} 31. Rf6 Kg8 {White must
now prevent ...Rxd7.} 32. Rfd6 {White is clearly winning.} Rc2 33. R6d2 Rc7 34. Rd3 f5 (34... Kg7 $142 35. Re3 f5 )35. b6 Rc2 (35... Rc6 $142 36. Re3 Kf7 )36. Re3 {Weighted Error Value: White=0.27/Black=0.39} 1-0

[Event "73rd RUS-ch Superfinal 2020"]
[White "Karjakin,Sergey"]
[Black "Esipenko,Andrey"]
[Site "Moscow"]
[Round "2.1"]
[Annotator "TA"]
[Result "1/2-1/2"]
[Date "2020.12.06"]
[WhiteElo "2752"]
[BlackElo "2686"]
[PlyCount "113"]

1. e4 {} e5 2. Nf3 Nf6 3. Nxe5 d6 4. Nf3 Nxe4 5. d4 d5 6. Bd3 Bd6 7. 0-0 0-0 8. c4 c6 9. Nc3 Nxc3 10. bxc3 dxc4 11. Bxc4 Bf5 12. Bg5 {C42: Petroff Defence: 3
Nxe5 and unusual White 3rd moves.} Qa5 13. d5 {[#]} Qc5 $146 ({Predecessor:} 13... Be4 14. dxc6 Nxc6 15. Qxd6 Bxf3 16. Qg3 Be4 17. Rfe1 Bg6 18. h4 Kh8 19. Rad1 Rfe8 {1/2-1/2 (44) Van Foreest,J (2682)-Bogner,S (2571) Karlsruhe 2020} )14. Bb3 {Hoping for Be3.White is slightly better.} cxd5 15. Be3 Qc7 16. Qxd5 Be6 17. Qh5 {[#] Ng5! is the strong threat.} Bxb3 18. axb3 Qxc3 19. Bd4 Qc2 20. Rfc1 Qg6 21. Qxg6 hxg6 22. Bxa7 Nc6 23. Be3 Be7 24. g3 Rxa1 25. Rxa1 Rd8 26. Kf1 Rd5 27. Rc1 Rb5 28. Nd4 Nxd4 29. Bxd4 $11 { Endgame KRB-KRB} Rb4 30. Rc4 Rxb3 31. Rc8+ Kh7 32. Rc7 Rb4 33. Rxe7 {[#] And now Be3 would win.} (33. Be5 {seems wilder.} f6 34. Rxe7 fxe5 35. Rxe5 Kg8 36. h4 )Rxd4 34. Rxf7 $14 {KR-KR} b5 35. Rb7 b4 36. h4 Rc4 37. Kg2 Rd4 38. Kh3 Rd2 39. f4 Rb2 {
The position is equal.} 40. Kg4 b3 41. Kg5 Rb1 42. Rb8 Rb2 43. Rb6 Rb1 44. Kg4 Rb2 45. Kg5 Rb1 46. Rb8 Rb2 47. Rb5 Rb1 48. Kg4 Kh6 49. Rb4 Kh7 50. Kg5 b2 {
Threatens to win with ...Rg1!} 51. g4 Rc1 52. Rxb2 Rc5+ 53. f5 gxf5 54. gxf5 Rc1 55. Rg2 Rf1 56. h5 Rh1 57. Rg4 {Weighted Error Value: White=0.04/Black=0.03
} 1/2-1/2

[Event "73rd RUS-ch Superfinal 2020"]
[White "Chigaev,Maksim"]
[Black "Dubov,Daniil"]
[Site "Moscow"]
[Round "2.2"]
[Annotator "TA"]
[Result "1-0"]
[Date "2020.12.06"]
[WhiteElo "2619"]
[BlackElo "2702"]
[PlyCount "73"]

1. e4 {} c5 2. Nf3 Nc6 3. Bb5 g6 4. Bxc6 bxc6 5. 0-0 Bg7 6. Re1 Nh6 7. c3 0-0 8. h3 {
B31: Sicilian: 2...Nc6 3 Bb5 g6.} f5 9. e5 Nf7 10. d3 {The position is equal.} h6 {[#]} 11. d4 $5 $146 { New and interesting.} ({Predecessor:} 11. Nbd2 d6 12. Nc4 Ba6 13. e6 Nh8 14. h4 f4 15. Bd2 Rf5 16. Qa4 Bb5 17. Qc2 {
0-1 (42) Hansen,E (2611)-Ragger,M (2684) Douglas 2019} )cxd4 12. cxd4 e6 13. b3 c5 (13... d6 $11 )14. Ba3 $1 $16 d6 15. Nbd2 $1 Re8 16. Nc4 (16. dxc5 dxe5 17. Bb2 e4 $17 )Bb7 17. dxc5 dxe5 18. Nfxe5 Nxe5 19. Nxe5 Be4 20. Nc4 Bxa1 21. Qxa1 Qg5 {} 22. g3 $1 e5 23. Nxe5 ({White
should try} 23. Qc3 $16 )Re6 24. Qd4 Rae8 {[#]} 25. Nd7 $1 {And now Bb2
would win.} Bc6 26. Rxe6 Rxe6 27. Ne5 (27. Bb2 $2 Re1+ 28. Kh2 Rh1# )Qf6 {[#]} 28. Bb2 $1 f4 29. gxf4 Be8 (29... Rxe5 $16 30. Qxe5 (30. fxe5 Qf3 $11 )Qxe5 31. fxe5 (31. Bxe5 Bd7 $16 )g5 )30. Kh2 Re7 31. c6 {
Threatens to win with Qc4+. Decoy} Bxc6 $2 (31... Rxe5 {was necessary.} 32. fxe5 Qe6 )32. Qc4+ $18 Kh7 33. Qxc6 ({Less strong is} 33. Nxc6 Qxb2 34. Nxe7 Qxf2+ 35. Kh1 Qf3+ 36. Kg1 Qe3+ 37. Kg2 Qxe7 $16 )Qxc6 34. Nxc6 Re2 35. Bd4 {White is clearly winning.} Rxa2 36. Nxa7 Rd2 37. Bc5 {Weighted Error
Value: White=0.11/Black=0.26} 1-0

[Event "73rd RUS-ch Superfinal 2020"]
[White "Matlakov,Maxim"]
[Black "Fedoseev,Vladimir"]
[Site "Moscow"]
[Round "2.3"]
[Annotator "TA"]
[Result "0-1"]
[Date "2020.12.06"]
[WhiteElo "2698"]
[BlackElo "2674"]
[PlyCount "68"]

1. e4 {} e5 2. Nf3 Nc6 3. d4 exd4 4. Nxd4 Bc5 5. Nb3 Bb4+ 6. c3 Be7 7. Bf4 {C45: Scotch Game.} d6 8. N1d2 Bg5 $5 {
 Leaves trodden paths.} 9. Bg3 {[#] The position is equal.} Nge7 $146 ({Predecessor:} 9... Nh6 10. h4 Be7 11. Bf4 Ng4 12. Be2 Nge5 13. Be3 f5 14. exf5 Bxf5 15. Nd4 Nxd4 16. cxd4 {1/2-1/2 (47) Bartel,M (2643)-Leniart,A (2482)
Warsaw 2020} )10. f4 Bh6 11. Qf3 0-0 12. Bf2 f5 13. exf5 Nxf5 14. 0-0-0 Kh8 15. h4 Nfe7 (15... a5 $15 )16. g3 $11 Ne5 17. Qg2 Bd7 18. Rg1 ({Reject} 18. fxe5 Bc6 $17 )Bc6 19. Qh3 Qe8 20. Be2 (20. Bd4 $5 {} )Nd5 21. Rge1 Qg6 22. Bd4 Bxf4 $1 23. gxf4 Nxf4 24. h5 Qg5 $1 25. Qe3 (25. Qh2 $1 $11 )Rae8 $17 {Strongly threatening ...Ng4.} 26. Bf1 {[#]} Ng4 ({Black
should play} 26... Ned3+ $1 $17 {} 27. Bxd3 Rxe3 28. Rxe3 Be8 )27. Qg1 $11 {Black must now prevent h6.} Bf3 {Hoping for ...h6.} 28. h6 $1 {
} ({Don't go for} 28. Nxf3 $2 Ne2+ 29. Kb1 Qf5+ 30. Ka1 Nxg1 $19 )Qxh6 29. Rxe8 Rxe8 30. Bb5 {aiming for Re1.} Bxd1 31. Qxd1 {[#]} (31. Kxd1 $11 c6 32. Qxg4 cxb5 33. Bxg7+ $1 {} Qxg7 34. Qxf4 )c6 $1 $17 {And now ...Qg6 would win.} 32. Bf1 $2 {} (32. Qxg4 $17 {
nothing else works.} cxb5 33. Bxa7 )Nh2 $19 {Black is clearly winning.} 33. Bc4 (33. Bxa7 $142 Qg6 34. Nd4 )b5 34. Bf7 {[#]} Re1 $1 {
Weighted Error Value: White=0.52/Black=0.11} 0-1

[Event "73rd RUS-ch Superfinal 2020"]
[White "Svidler,Peter"]
[Black "Nepomniachtchi,Ian"]
[Site "Moscow"]
[Round "2.4"]
[Annotator "TA"]
[Result "1/2-1/2"]
[Date "2020.12.06"]
[WhiteElo "2723"]
[BlackElo "2784"]
[PlyCount "49"]

1. e4 {} c5 2. Nf3 d6 3. d4 cxd4 4. Nxd4 Nf6 5. Nc3 a6 6. Nb3 e6 {B90: Sicilian Najdorf: Unusual White 6th
moves, 6 Be3 Ng4 and 6 Be3 e5.} 7. g4 b5 8. Bg2 Bb7 9. g5 Nfd7 10. h4 b4 11. Ne2 Nc6 {[#]} 12. 0-0 $146 ({Predecessor:} 12. f4 h6 13. Be3 hxg5 14. hxg5 Rxh1+ 15. Bxh1 a5 16. Ned4 Nxd4 17. Nxd4 Nc5 18. Qg4 {0-1 (56) Svidler,P (2723)
-Nepomniachtchi,I (2784) chess24.com INT 2020} )h6 13. g6 Qxh4 14. gxf7+ Kxf7 15. a3 a5 16. axb4 axb4 {...Rxa1 is the strong threat.} 17. Rxa8 Bxa8 18. f4 Nf6 19. f5 e5 {[#] And now ...Nb8 would win.The position is equal.} 20. Rf3 $1 d5 21. Rh3 $1 {} Qg4 22. Rg3 Qh4 23. Rh3 ({Much weaker is} 23. exd5 Ne7 $17 )Qg4 24. Rg3 Qh4 25. Rh3 {Weighted Error Value: White=0.06/
Black=0.07} ({Of course not} 25. exd5 Ne7 $17 { Double Attack} )1/2-1/2

[Event "73rd RUS-ch Superfinal 2020"]
[White "Artemiev,Vladislav"]
[Black "Goganov,Aleksey"]
[Site "Moscow"]
[Round "2.5"]
[Annotator "TA"]
[Result "1/2-1/2"]
[Date "2020.12.06"]
[WhiteElo "2711"]
[BlackElo "2594"]
[PlyCount "88"]

1. c4 {
} c5 2. g3 g6 3. Bg2 Bg7 4. Nc3 Nc6 5. d3 d6 6. Bd2 e6 {A36: Symmetrical
English vs ...g6: 4 Bg2 Bg7.} 7. Qc1 {[#]} Qd7 $146 ({Predecessor:} 7... h6 8. a3 Nge7 9. Rb1 b6 10. b4 Bb7 11. b5 Na5 12. Nf3 Nf5 13. 0-0 Nd4 14. Nxd4 cxd4 {
0-1 (40) Jones,G (2688)-Abasov,N (2632) chess24.com INT 2020} )8. Nf3 b6 {
The position is equal.} 9. 0-0 Bb7 10. Rd1 Rc8 11. a3 Nf6 12. Bh6 0-0 13. b4 e5 14. Bg5 Ne8 15. Nd5 f6 16. Bh6 Nc7 17. Bxg7 Kxg7 18. e3 Ne7 19. Nc3 Ne6 20. Qb2 Bc6 21. b5 Bb7 22. a4 {} Rce8 23. a5 Nc8 24. a6 Bxf3 25. Bxf3 {Black must now prevent Bc6.} Ne7 {} 26. Bg2 Qc7 27. Rf1 Kh8 28. Rae1 Nf5 29. Bc6 Rd8 30. f4 Qg7 31. Rf2 exf4 32. exf4 Nfd4 33. Rff1 f5 34. Re3 Nxc6 35. Rxe6 (35. bxc6 $5 {
} Nd4 36. Qg2 $14 )Nb4 36. Na4 Nxd3 (36... Qxb2 {looks
sharper.} 37. Nxb2 Kg8 38. Kf2 d5 39. Re2 Rf7 )37. Qc3 $1 {} Qxc3 $1 38. Nxc3 {[#] Strongly threatening Re7.} Rf7 39. Nd5 Nb4 40. Nxb4 cxb4 41. Rb1 d5 42. Rxb4 dxc4 43. Rxc4 Rd5 44. Rec6 Rdd7 {Weighted Error Value: White=0.
06/Black=0.06} 1/2-1/2

[Event "73rd RUS-ch Superfinal 2020"]
[White "Antipov,Mikhail Al."]
[Black "Vitiugov,Nikita"]
[Site "Moscow"]
[Round "2.6"]
[Annotator "TA"]
[Result "1/2-1/2"]
[Date "2020.12.06"]
[WhiteElo "2611"]
[BlackElo "2720"]
[PlyCount "80"]

1. e4 {} c5 2. Nf3 d6 3. d4 cxd4 4. Nxd4 Nf6 5. Nc3 a6 6. a4 e5 7. Nf3 Be7 8. Bc4 Be6 9. Bb3 {B90: Sicilian Najdorf:
Unusual White 6th moves, 6 Be3 Ng4 and 6 Be3 e5.} Nbd7 {} 10. Be3 {[#]} Ng4 $146 ({Predecessor:} 10... Rc8 11. 0-0 Nc5 12. Bxc5 Rxc5 13. Ne1 Qa5 14. Nd3 Rc8 15. Bxe6 fxe6 16. Qf3 g5 {1/2-1/2 (43)
Tauscher,K (2301)-Kermer,W (2324) ICCF email 2017} )11. Qe2 Nxe3 12. Qxe3 Nf6 13. Bxe6 fxe6 14. Ng5 Ng4 $1 {} 15. Qh3 Bxg5 16. Qh5+ Kf8 17. Qxg4 Kf7 18. h4 Bf6 19. Qh5+ Ke7 20. 0-0-0 Rc8 21. Rh3 Rc6 22. Rhd3 Qe8 23. Qe2 Qg6 24. Kb1 Rhc8 25. Qe3 (25. g3 $14 )Bxh4 $11 26. Na2 (26. g3 $11 {keeps
the balance.} Bf6 27. Na2 )Bg5 (26... Qxg2 $17 27. Nb4 Rc4 )27. Qe1 $15 Rd8 28. f3 Bf6 29. Qa5 Qe8 ({Better is} 29... Rd7 $15 30. Nb4 Rc4 )30. Nb4 $11 Rc4 31. Qb6 {[#] Strongly threatening b3.} (31. b3 $5 {} Rd4 32. Rxd4 exd4 33. f4 $11 )Kf7 $2 (31... Kf8 $1 $11 )32. Rxd6 $2 (32. b3 $18 Rcc8 33. Qxb7+ Be7 34. Nxa6 )Rxd6 33. Rxd6 Be7 34. Qxb7 {Hoping for Nc6.} Kf8 $2 {} (34... Qxa4 $11 {and Black is okay.} 35. c3 Rd4 36. Rxd4 (36. cxd4 Qd1+ { Double Attack} 37. Ka2 Qa4+ 38. Kb1 Qd1+ {
Double Attack} 39. Ka2 Qa4+ 40. Kb1 $11 )exd4 )35. Rb6 {aiming for Nc6.} Qxa4 { [#]} 36. c3 $2 (36. Rc6 $1 $18 {Black must now prevent Qc8+.
} Rd4 37. Nd3 )Qd1+ {The position is equal.} 37. Ka2 Qa4+ 38. Kb1 Qd1+ 39. Ka2 Qa4+ 40. Kb1 Qd1+ {Accuracy: White = 72%, Black = 74%.} 1/2-1/2

[Event "73rd RUS-ch Superfinal 2020"]
[White "Vitiugov,Nikita"]
[Black "Karjakin,Sergey"]
[Site "Moscow"]
[Round "3.1"]
[Annotator "TA"]
[Result "0-1"]
[Date "2020.12.07"]
[WhiteElo "2720"]
[BlackElo "2752"]
[PlyCount "84"]

1. e4 {} e5 2. Nf3 Nc6 3. Bb5 Nf6 4. 0-0 Nxe4 5. d4 Nd6 6. Bxc6 dxc6 7. dxe5 Nf5 8. Qxd8+ Kxd8 9. Rd1+ Ke8 10. Nc3 Ne7 11. a4 {
C67: Ruy Lopez: Berlin Defence: 4 0-0 Nxe4.} Ng6 12. a5 a6 13. h3 {[#] White
has an edge.} Be7 $146 ({Predecessor:} 13... Bd7 14. Ra4 Be7 15. Ne4 h6 16. Re1 Kf8 17. Be3 Rd8 18. Kh2 Bc8 19. Bc5 Nf4 {1/2-1/2 (39) Homont,R (2360)-Malin,D 
(2334) ICCF email 2018} )14. Be3 h5 15. Re1 h4 16. Bg5 Rh5 17. Bxe7 Kxe7 18. Ra4 b5 19. Rd4 (19. axb6 $5 cxb6 20. Rc4 $14 )Be6 $1 20. b4 Kf8 21. Rdd1 ({White should try} 21. Re3 $1 $14 )Re8 $11 22. Nd4 c5 23. Nxe6+ Rxe6 24. Rd8+ Re8 25. Rxe8+ Kxe8 { Endgame KRN-KRN} 26. Nd5 ({But not} 26. bxc5 Rxe5 27. Rxe5+ Nxe5 $17 )Kd7 {And now ...Kc6 would win.} 27. f4 c6 28. Nb6+ Ke7 29. Nc8+ $1 Ke6 30. Nd6 $2 {[#] White does not recover from this.} (30. Na7 $1 $15 )Nxf4 $19 31. Ne4 cxb4 32. Nc5+ Kd5 33. Nxa6 c5 ({
Don't go for} 33... Rxe5 $2 34. Nxb4+ Ke6 35. Rxe5+ Kxe5 36. Nd3+ Kd6 37. Nxf4 $18 )34. Rd1+ Kc4 35. Nc7 {[#]} Ne6 $1 {Black is clearly winning.} 36. Nd5 Nd4 37. Nb6+ (37. Ne3+ $142 Kc3 38. a6 )Kc3 38. a6 Kxc2 39. a7 Rh8 ({Not} 39... Kxd1 40. a8=Q $11 )40. Rf1 b3 41. Rf2+ Kd3 42. Nd7 Ra8 {Weighted Error
Value: White=0.53/Black=0.06} 0-1

[Event "73rd RUS-ch Superfinal 2020"]
[White "Goganov,Aleksey"]
[Black "Antipov,Mikhail Al."]
[Site "Moscow"]
[Round "3.2"]
[Annotator "TA"]
[Result "1/2-1/2"]
[Date "2020.12.07"]
[WhiteElo "2594"]
[BlackElo "2611"]
[PlyCount "81"]

1. d4 {} Nf6 2. c4 g6 3. Nc3 d5 4. Nf3 Bg7 5. Qb3 dxc4 6. Qxc4 0-0 7. e4 a6 8. Be2 b5 9. Qb3 c5 10. dxc5 Bb7 11. e5 {D97:
Grünfeld: Russian System: 7 e4, replies other than 7...Bg4.} Nfd7 12. Be3 {
[#] e6 is the strong threat.} Nxe5 13. Rd1 Qc7 14. Nd5 Bxd5 $1 15. Qxd5 Nbc6 16. Nxe5 Bxe5 17. Bf3 Rfc8 18. Qxc6 Qxc6 19. Bxc6 Rxc6 20. Rd2 f5 21. f4 Bf6 22. Ke2 Kf7 {[#]} 23. h3 $146 ({Predecessor:} 23. Rhd1 Rac8 24. Kf3 {1/2-1/2 
(24) Aleksandrov,V (2409)-Trofimov,V (2422) ICCF email 2018} )h6 24. g4 Rh8 25. gxf5 gxf5 26. Kf3 Rg8 27. Bf2 Rgc8 28. Rhd1 R8c7 29. Rc2 Ke8 30. b4 Ra7 31. Rd3 Ra8 32. Be3 Kf7 33. a3 a5 34. a4 $1 {} Rb8 $1 35. bxa5 bxa4 36. Ra3 (36. Rc4 $1 $14 )Rb3 $36 { Black fights for an
advantage.The position is equal.} 37. Rxa4 Re6 38. Re2 {[#] Threatens to win
with a6.} Bh4 39. a6 {Hoping for Kg2.} Rg6 {( -> ...Rg3+)} 40. Rg2 Re6 $1 {
} 41. Re2 {Accuracy: White = 96%, Black = 96%.} 1/2-1/2

[Event "73rd RUS-ch Superfinal 2020"]
[White "Nepomniachtchi,Ian"]
[Black "Artemiev,Vladislav"]
[Site "Moscow"]
[Round "3.3"]
[Annotator "TA"]
[Result "1/2-1/2"]
[Date "2020.12.07"]
[WhiteElo "2784"]
[BlackElo "2711"]
[PlyCount "63"]

1. e4 {} e5 2. Nf3 Nc6 3. Bb5 a6 4. Ba4 Nf6 5. 0-0 d6 6. c3 Nxe4 7. d4 Bd7 8. Re1 Nf6 9. Bxc6 {C79: Ruy Lopez: Steinitz-type lines with 3...a6 4 Ba4 Nf6 5 0-0 d6.} Bxc6 10. dxe5 dxe5 11. Qxd8+ {White is slightly better.} Kxd8 12. Nxe5 Be8 13. Bg5 h6 14. Bxf6+ gxf6 15. Ng4 Be7 16. Nd2 Bd7 17. Ne3 {[#]} c6 $146 ({
Predecessor:} 17... Be6 18. Nb3 Kc8 19. Nd4 Bd7 20. Rad1 a5 21. Nd5 Bd8 22. Nb3 b6 23. Nd4 a4 {1/2-1/2 (38) Nepomniachtchi,I (2763)-Rapport,R (2731) Wijk aan
Zee 2019} )18. Rad1 b5 19. Nb3 Re8 20. f4 Kc7 21. Nd4 Bf8 22. Kf2 {The
position is equal.} Re4 23. g3 Bc5 24. Nec2 Rxe1 25. Rxe1 a5 26. a3 h5 27. Kf3 Bg4+ 28. Kg2 Bd7 29. Kf3 Bg4+ 30. Kg2 Bd7 31. Kf3 Bg4+ 32. Ke4 {Accuracy:
White = 85%, Black = 95%.} 1/2-1/2